[Event "Pozivni kadetski turnir povodom blagdan"]
[Site "Hvar"]
[Date "2017.09.30"]
[Round "4.3"]
[White "Birkic, Josip"]
[Black "Denic, Marin"]
[Result "1-0"]
[WhiteElo "1635"]
[BlackElo "1548"]
[PlyCount "59"]
[EventDate "2017.09.29"]

1. d4 d5 2. Nf3 Nf6 3. Bf4 e6 4. e3 c5 5. c3 Nc6 6. Bd3 c4 7. Bc2 Bd6 8. Bg3 b5
9. Nbd2 a5 10. e4 Bxg3 11. hxg3 h6 12. e5 Nd7 13. Nh4 b4 14. Qg4 Qg5 15. Qf4
Qxf4 16. gxf4 Bb7 17. f5 O-O-O 18. f4 Ne7 19. fxe6 fxe6 20. f5 exf5 21. Bxf5 g5
22. Bxd7+ Kxd7 23. Nhf3 Nf5 24. O-O-O Rdf8 25. Rde1 Ke6 26. g4 Ne7 27. Rh2 Rfg8
28. Reh1 Rg6 29. Rh5 Kf7 30. Rxg5 1-0

[Event "Pozivni kadetski turnir povodom blagdan"]
[Site "Hvar"]
[Date "2017.09.30"]
[Round "4.4"]
[White "Cecic-Sule, Dino"]
[Black "Baric, Marko"]
[Result "0-1"]
[WhiteElo "1362"]
[BlackElo "1586"]
[PlyCount "40"]
[EventDate "2017.09.29"]

1. d4 Nf6 2. c4 e6 3. Bf4 d6 4. e3 g6 5. Nc3 a6 6. c5 Bg7 7. Nf3 O-O 8. Be2 b6
9. b4 Nc6 10. cxb6 cxb6 11. a3 d5 12. O-O Bb7 13. Rc1 Rc8 14. Qb3 Ne8 15. Ne1
Nd6 16. Bxd6 Qxd6 17. Nd3 Rfd8 18. Nc5 Qe7 19. Rfd1 h5 20. Rd2 bxc5 0-1

[Event "Pozivni kadetski turnir povodom blagdan"]
[Site "Hvar"]
[Date "2017.09.30"]
[Round "4.5"]
[White "Mijic, Karlo"]
[Black "Petricevic, Mateo"]
[Result "0-1"]
[WhiteElo "1396"]
[BlackElo "1541"]
[PlyCount "94"]
[EventDate "2017.09.29"]

1. e4 e6 2. d4 d5 3. exd5 exd5 4. Nf3 Bg4 5. Be2 Nf6 6. b3 Bd6 7. h3 Bh5 8. Bb2
O-O 9. Nc3 c6 10. Qd2 Nbd7 11. O-O-O Qc7 12. Kb1 b5 13. g4 Bg6 14. g5 Nh5 15.
Nh4 Bf4 16. Qe1 Bxg5 17. Nxg6 hxg6 18. Qf1 Nf4 19. Bg4 Nf6 20. f3 Nxg4 21. fxg4
Bf6 22. Qf3 g5 23. Qg3 Ne6 24. Ne2 Qxg3 25. Nxg3 g6 26. Ne2 a5 27. Rdf1 Bg7 28.
h4 Rfe8 29. h5 Nf8 30. Rf2 Re4 31. h6 Bh8 32. h7+ Kg7 33. Rg2 Rae8 34. Nc1 Nxh7
35. Nd3 Nf6 36. Ne5 Rc8 37. Rgh2 Nxg4 38. Rh7+ Kf6 39. Rxh8 Rxh8 40. Rxh8 Re1+
41. Bc1 Nxe5 42. dxe5+ Ke6 43. Kb2 Rxe5 44. Kc3 Kf5 45. Rf8 f6 46. Rc8 g4 47.
Rxc6 g3 0-1

[Event "Pozivni kadetski turnir povodom blagdan"]
[Site "Hvar"]
[Date "2017.09.30"]
[Round "4.6"]
[White "Arnold, Dora"]
[Black "Arnold, Jan"]
[Result "0-1"]
[WhiteElo "1358"]
[BlackElo "1384"]
[PlyCount "64"]
[EventDate "2017.09.29"]

1. e4 e6 2. d4 d5 3. e5 c5 4. Nf3 Nc6 5. Nc3 cxd4 6. Nxd4 Nxe5 7. Bf4 Ng6 8.
Bg3 a6 9. Be2 Nf6 10. O-O Bd6 11. Qd3 O-O 12. Rfe1 Nf4 13. Qe3 Nxe2+ 14. Rxe2
Qc7 15. Rae1 Bd7 16. Nf3 Bxg3 17. fxg3 Rfe8 18. Ne5 Bc6 19. Kh1 Nd7 20. Ng4 Qb6
21. Qc1 Re7 22. Rf1 d4 23. Qg5 Qc5 24. Nf6+ Kh8 25. Nfe4 Qxg5 26. Nxg5 dxc3 27.
Rxf7 Rxf7 28. Nxf7+ Kg8 29. Nd6 cxb2 30. Re1 Nb6 31. Rb1 Na4 32. Kg1 b5 0-1

[Event "Pozivni kadetski turnir povodom blagdan"]
[Site "Hvar"]
[Date "2017.09.30"]
[Round "4.8"]
[White "Ujevic, Ivan"]
[Black "Tandara, Krizan"]
[Result "0-1"]
[WhiteElo "1081"]
[BlackElo "1443"]
[PlyCount "43"]
[EventDate "2017.09.29"]

1. e4 e5 2. Nf3 Nc6 3. Bc4 Bc5 4. c3 Nf6 5. d3 O-O 6. Bg5 h6 7. Bh4 Be7 8. Nbd2
d5 9. Bxf6 Bxf6 10. Bxd5 Ne7 11. Bc4 a6 12. Nf1 b5 13. Bb3 Bg4 14. Ng3 Bxf3 15.
Qxf3 Ng6 16. O-O Nf4 17. Bc2 g5 18. Ne2 Ng6 19. Nc1 Nf4 20. Nb3 Qd7 21. Nc5 Qc6
22. Nb3 0-1

[Event "Pozivni kadetski turnir povodom blagdan"]
[Site "Hvar"]
[Date "2017.09.30"]
[Round "4.9"]
[White "Delic, Mateo"]
[Black "Knezovic, Matija"]
[Result "1/2-1/2"]
[WhiteElo "1282"]
[BlackElo "1246"]
[PlyCount "52"]
[EventDate "2017.09.29"]

1. d4 Nf6 2. Bf4 e6 3. Nf3 Be7 4. e3 d5 5. Bd3 O-O 6. O-O Nbd7 7. Nbd2 Re8 8.
Qe2 Nf8 9. e4 dxe4 10. Nxe4 Ng6 11. Bg3 Bd7 12. c4 Bc6 13. Nxf6+ Bxf6 14. Be5
Bg5 15. Bxg6 hxg6 16. Bxg7 Kxg7 17. Qe5+ Bf6 18. Qg3 Bxf3 19. gxf3 Qxd4 20.
Qxc7 b6 21. Rad1 Re7 22. Qxe7 Qxd1 23. Qxf6+ Kxf6 24. Rxd1 Rc8 25. Rd7 a5 26.
Rb7 Rc6 1/2-1/2

[Event "Pozivni kadetski turnir povodom blagdan"]
[Site "Hvar"]
[Date "2017.09.30"]
[Round "4.10"]
[White "Pejkovic, Andro"]
[Black "Marovic, Luka"]
[Result "1/2-1/2"]
[WhiteElo "1244"]
[BlackElo "1324"]
[PlyCount "40"]
[EventDate "2017.09.29"]

1. e4 e5 2. Nf3 Nc6 3. Bc4 h6 4. c3 Nf6 5. d3 Bc5 6. Nbd2 d6 7. Nb3 Bb6 8. O-O
O-O 9. Qe2 a6 10. Rd1 Qd7 11. d4 exd4 12. cxd4 Re8 13. Qd3 Rxe4 14. d5 Na5 15.
Nxa5 Bxa5 16. Nd2 Re7 17. Bb3 Bxd2 18. Bxd2 Qg4 19. Bc2 Re4 20. Bc3 Qg6 1/2-1/2

[Event "Pozivni kadetski turnir povodom blagdan"]
[Site "Hvar"]
[Date "2017.09.30"]
[Round "4.11"]
[White "Knezovic, Luca"]
[Black "Knezovic, Niko"]
[Result "1/2-1/2"]
[WhiteElo "1274"]
[BlackElo "1369"]
[PlyCount "37"]
[EventDate "2017.09.29"]

1. e4 e5 2. Nf3 Nf6 3. Nc3 Bb4 4. a3 Bxc3 5. dxc3 Nc6 6. Bb5 O-O 7. Bxc6 dxc6
8. Qxd8 Rxd8 9. O-O Bg4 10. Nxe5 Be2 11. Re1 Rd1 12. Rxd1 Bxd1 13. Bg5 Nxe4 14.
Rxd1 Nxg5 15. h4 Ne6 16. Rd7 f6 17. Nf3 Kf8 18. Rd1 Ke7 19. g4 1/2-1/2

[Event "Pozivni kadetski turnir povodom blagdan"]
[Site "Hvar"]
[Date "2017.10.01"]
[Round "5.1"]
[White "Radovcic, Gabrijel"]
[Black "Birkic, Josip"]
[Result "1-0"]
[WhiteElo "1563"]
[BlackElo "1635"]
[PlyCount "75"]
[EventDate "2017.09.29"]

1. d4 Nf6 2. c4 e6 3. Nf3 Bb4+ 4. Bd2 Bxd2+ 5. Nbxd2 b6 6. g3 Bb7 7. Bg2 d6 8.
Qc2 Nbd7 9. e4 c5 10. O-O O-O 11. e5 dxe5 12. dxe5 Ng4 13. Rfe1 Rb8 14. h3 Nh6
15. g4 Qe7 16. Rad1 Rfd8 17. Nh2 Bxg2 18. Kxg2 f5 19. exf6 gxf6 20. Ne4 Ne5 21.
Nf3 Nxf3 22. Kxf3 Nf7 23. Kg3 Rd4 24. b3 Rbd8 25. Nc3 Ng5 26. Nb5 Rxd1 27. Rxd1
a6 28. Nc3 Rd4 29. Ne2 Rxd1 30. Qxd1 f5 31. f3 fxg4 32. hxg4 Qf6 33. Nf4 Qd4
34. Qe2 e5 35. Nd5 b5 36. Qc2 e4 37. fxe4 Nxe4+ 38. Qxe4 1-0

[Event "Pozivni kadetski turnir povodom blagdan"]
[Site "Hvar"]
[Date "2017.10.01"]
[Round "5.2"]
[White "Baric, Marko"]
[Black "Delic, Juraj"]
[Result "1-0"]
[WhiteElo "1586"]
[BlackElo "1533"]
[PlyCount "77"]
[EventDate "2017.09.29"]

1. e4 e6 2. d4 d5 3. exd5 exd5 4. Bf4 Nf6 5. Nf3 Bf5 6. Bd3 Bg6 7. O-O Be7 8.
Re1 O-O 9. c3 Nbd7 10. Bxc7 Qxc7 11. Rxe7 Bxd3 12. Qxd3 Ne4 13. Ne5 Nxe5 14.
Rxe5 Nf6 15. f3 Rfe8 16. Rxe8+ Rxe8 17. Nd2 Re6 18. Nf1 Qe7 19. Ng3 Re3 20. Qd2
Re6 21. Kf1 Kf8 22. Re1 Rxe1+ 23. Qxe1 g6 24. Qxe7+ Kxe7 25. Kf2 Ke6 26. Ne2 g5
27. Nc1 Nh5 28. g3 f5 29. Nd3 b6 30. Ne5 Nf6 31. h3 h5 32. g4 hxg4 33. hxg4 f4
34. Ke2 Nd7 35. Nxd7 Kxd7 36. Kd3 Kd6 37. c4 a6 38. cxd5 Kxd5 39. a3 1-0

[Event "Pozivni kadetski turnir povodom blagdan"]
[Site "Hvar"]
[Date "2017.10.01"]
[Round "5.3"]
[White "Petricevic, Mateo"]
[Black "Denic, Marin"]
[Result "1-0"]
[WhiteElo "1541"]
[BlackElo "1548"]
[PlyCount "79"]
[EventDate "2017.09.29"]

1. Nf3 d5 2. d4 Nf6 3. c4 e6 4. e3 Nbd7 5. Nc3 b6 6. cxd5 exd5 7. Bb5 Bb7 8.
O-O Bb4 9. Bd2 a6 10. Ba4 b5 11. Bb3 Bxc3 12. Bxc3 O-O 13. Rc1 Nb6 14. Bc2 Re8
15. Ne5 Nc4 16. Nd3 Ne4 17. Be1 Rc8 18. b3 Nb6 19. Bb4 h6 20. Bb1 c6 21. Ba5
Re7 22. Nc5 Nf6 23. Bf5 Rb8 24. Rc2 g6 25. Bh3 Bc8 26. Qf3 Bxh3 27. Qxf6 Be6
28. Nxa6 Ra8 29. Bxb6 Qxb6 30. Qxe7 Qxa6 31. Rfc1 Rc8 32. Qd6 Bf5 33. Rxc6 Rxc6
34. Qxc6 Qxa2 35. Qxb5 Qd2 36. Qc5 Qb2 37. b4 Qb3 38. b5 Kg7 39. b6 Be6 40. Qc7
1-0

[Event "Pozivni kadetski turnir povodom blagdan"]
[Site "Hvar"]
[Date "2017.10.01"]
[Round "5.4"]
[White "Arnold, Jan"]
[Black "Grgantov, Marin"]
[Result "1-0"]
[WhiteElo "1384"]
[BlackElo "1584"]
[PlyCount "41"]
[EventDate "2017.09.29"]

1. e4 e5 2. Nf3 Nc6 3. Bc4 Bc5 4. c3 Nf6 5. d3 d6 6. Bb3 Ne7 7. Be3 Bb6 8. h3
Ng6 9. O-O Be6 10. Bc2 O-O 11. Nbd2 c6 12. d4 Qd7 13. Ng5 h6 14. Nxe6 fxe6 15.
Nf3 exd4 16. cxd4 Qc7 17. e5 dxe5 18. Bxg6 Rad8 19. Nxe5 Bxd4 20. Bxd4 c5 21.
Rc1 1-0

[Event "Pozivni kadetski turnir povodom blagdan"]
[Site "Hvar"]
[Date "2017.10.01"]
[Round "5.6"]
[White "Tandara, Krizan"]
[Black "Mijic, Karlo"]
[Result "0-1"]
[WhiteElo "1443"]
[BlackElo "1396"]
[PlyCount "48"]
[EventDate "2017.09.29"]

1. d4 d5 2. c4 c5 3. e3 e6 4. Nc3 Ne7 5. Nf3 b6 6. Bd3 g6 7. O-O Bg7 8. dxc5
bxc5 9. cxd5 exd5 10. Bb5+ Bd7 11. Qc2 O-O 12. b3 Bxb5 13. Nxb5 Bxa1 14. Qxc5
a6 15. Nc7 Nd7 16. Qd6 Nf5 17. Qf4 Bg7 18. Ba3 Bh6 19. Nxa8 Bxf4 20. Bxf8 Be5
21. Nxe5 Nxe5 22. g4 Nf3+ 23. Kh1 N5h4 24. Rd1 Kxf8 0-1

[Event "Pozivni kadetski turnir povodom blagdan"]
[Site "Hvar"]
[Date "2017.10.01"]
[Round "5.7"]
[White "Arnold, Dora"]
[Black "Cecic-Sule, Dino"]
[Result "0-1"]
[WhiteElo "1358"]
[BlackElo "1362"]
[PlyCount "64"]
[EventDate "2017.09.29"]

1. e4 c5 2. Nf3 d6 3. d4 cxd4 4. Nxd4 Nf6 5. Nc3 a6 6. Be2 e6 7. O-O b5 8. a3
Bb7 9. Bf3 Nbd7 10. Re1 Be7 11. Be3 O-O 12. Qe2 Ne5 13. Bd2 Rc8 14. Rad1 Nc4
15. Bc1 Nxa3 16. bxa3 Rxc3 17. Bb2 Rc7 18. Rc1 Nd7 19. Qd3 Nc5 20. Qd2 Bg5 21.
Qe2 Bxc1 22. Bxc1 Na4 23. Bd2 Qf6 24. Ba5 Rc4 25. Nb3 Rfc8 26. Rc1 Qg6 27. e5
Bxf3 28. Qxf3 d5 29. Na1 Qg5 30. Re1 Qf4 31. Qd3 Nc5 32. Qd1 Re4 0-1

[Event "Pozivni kadetski turnir povodom blagdan"]
[Site "Hvar"]
[Date "2017.10.01"]
[Round "5.8"]
[White "Knezovic, Matija"]
[Black "Bedic, Noemi"]
[Result "1-0"]
[WhiteElo "1246"]
[BlackElo "1342"]
[PlyCount "47"]
[EventDate "2017.09.29"]

1. e4 e5 2. Nf3 Nc6 3. Bb5 a6 4. Ba4 Nf6 5. O-O d6 6. h3 Nxe4 7. d4 b5 8. Bb3
exd4 9. Nxd4 Ne5 10. Bd5 Bd7 11. Bxe4 c6 12. Bf4 Qh4 13. Bxe5 Qxe4 14. Re1 Qg6
15. Bxg7+ Kd8 16. Bxh8 c5 17. Nb3 f6 18. Qf3 Rc8 19. Qxf6+ Qxf6 20. Bxf6+ Kc7
21. Nc3 Bh6 22. Nd5+ Kc6 23. Na5+ Kxd5 24. Rad1+ 1-0

[Event "Pozivni kadetski turnir povodom blagdan"]
[Site "Hvar"]
[Date "2017.10.01"]
[Round "5.9"]
[White "Delic, Mateo"]
[Black "Pejkovic, Andro"]
[Result "1-0"]
[WhiteElo "1282"]
[BlackElo "1244"]
[PlyCount "57"]
[EventDate "2017.09.29"]

1. d4 d5 2. Bf4 e6 3. Nf3 Nd7 4. e3 a6 5. Bd3 c5 6. c3 c4 7. Bc2 Ngf6 8. b3 b5
9. a4 Bb7 10. Na3 Bxa3 11. Rxa3 Qe7 12. Ra2 h6 13. O-O Nh5 14. Be5 Nxe5 15.
Nxe5 Qg5 16. Qf3 f5 17. h4 Qf6 18. Qxh5+ Ke7 19. axb5 axb5 20. Rxa8 Bxa8 21.
Ng6+ Kd6 22. Nxh8 f4 23. Nf7+ Kc7 24. Qg6 Qxh4 25. Qxe6 g5 26. Qd6+ Kc8 27.
Bf5+ Kb7 28. Nd8+ Ka7 29. Ra1# 1-0

[Event "Pozivni kadetski turnir povodom blagdan"]
[Site "Hvar"]
[Date "2017.10.01"]
[Round "5.10"]
[White "Knezovic, Niko"]
[Black "Ujevic, Ivan"]
[Result "0-1"]
[WhiteElo "1369"]
[BlackElo "1081"]
[PlyCount "76"]
[EventDate "2017.09.29"]

1. d4 d5 2. Nf3 Nf6 3. e3 Nc6 4. c4 Bf5 5. Nc3 Nb4 6. Qa4+ Nc6 7. Be2 e6 8. Ne5
Rb8 9. Nxc6 bxc6 10. Qxc6+ Qd7 11. Qxd7+ Nxd7 12. c5 Nf6 13. Bb5+ Ke7 14. h3
Ne4 15. Bd3 Nxc3 16. Bxf5 Nb5 17. Bd3 a6 18. O-O f6 19. a4 Na7 20. Bxa6 Nc6 21.
Bd2 Rxb2 22. Bc3 Rb3 23. Rfc1 e5 24. dxe5 fxe5 25. Bb5 d4 26. exd4 exd4 27.
Re1+ Kf6 28. Bxc6 dxc3 29. Re3 Bxc5 30. Rf3+ Ke6 31. Rd3 Kf6 32. Bd5 Rb2 33.
Rxc3 Bxf2+ 34. Kf1 Bb6 35. a5 Bd4 36. Rd1 Rf2+ 37. Kg1 Rd2+ 38. Kh2 Be5+ 0-1

[Event "Pozivni kadetski turnir povodom blagdan"]
[Site "Hvar"]
[Date "2017.10.01"]
[Round "5.11"]
[White "Marovic, Luka"]
[Black "Knezovic, Luca"]
[Result "1/2-1/2"]
[WhiteElo "1324"]
[BlackElo "1274"]
[PlyCount "76"]
[EventDate "2017.09.29"]

1. e4 e5 2. Nf3 Nc6 3. Nc3 Nf6 4. Bc4 Bb4 5. a3 Bc5 6. d3 O-O 7. O-O d6 8. h3
Be6 9. Nd5 Bxd5 10. Bxd5 Nxd5 11. exd5 Nd4 12. Nxd4 Bxd4 13. Qg4 Qf6 14. Qg5
Qxg5 15. Bxg5 h6 16. Be3 Bxb2 17. Rab1 Bxa3 18. Rxb7 Bc5 19. Bxc5 dxc5 20. Rxc7
Rfc8 21. Rxc8+ Rxc8 22. c3 Rd8 23. c4 a5 24. Re1 f6 25. Rb1 a4 26. Rb5 a3 27.
Ra5 g5 28. Rxa3 h5 29. Ra6 f5 30. Rc6 g4 31. hxg4 fxg4 32. Rxc5 h4 33. Rc6 g3
34. Re6 Rb8 35. fxg3 hxg3 36. Kf1 Rb1+ 37. Ke2 Rb2+ 38. Ke3 Rxg2 1/2-1/2